In a word : Skill of writing - early intermediate /

Đã lưu trong:
书目详细资料
主要作者: Hedge, Tricia
格式: Sách giấy
语言:English
出版: Hong Kong : Nelson , 1983
标签: 添加标签
没有标签, 成为第一个标记此记录!
Thư viện lưu trữ: Thư viện Trường Đại học Đà Lạt
LEADER 00558nam a2200241 4500
001 DLU020018225
005 ##7/2/2001
020 # # |a 978- 
041 # # |a eng 
082 # # |a 808.042  |b HE-T 
100 # # |a Hedge, Tricia 
245 # # |a In a word :  |b Skill of writing - early intermediate /  |c Tricia Hedge 
260 # # |a Hong Kong :  |b Nelson ,  |c 1983 
300 # # |a 642 tr.;   |c 25 cm. 
992 # # |a 0 
994 # # |a DLU 
900 # # |a False 
911 # # |a Administrator 
925 # # |a G 
926 # # |a A 
927 # # |a SH 
980 # # |a Thư viện Trường Đại học Đà Lạt